Все станции московских пригородных электричек-2 - Statistics

General Stats
  • This quiz has been taken 21 times
  • The average score is 77 of 200
Answer Stats
Направление/Ветка Станция % Correct
Ярославское Мытищи
100%
Ярославское Лось
93%
Ярославское Москва-3
93%
Ярославское Ярославский Вокзал
86%
Ярославское Ростокино
86%
Ярославское Лосиноостровская
86%
Ярославско-Фрязевское Подлипки-Дачные
86%
БКМЖД | Ярославское Александров-1
86%
БКМЖД Александров-2
86%
Ярославское Яуза
79%
Ярославское Перловская
79%
Ярославское Тайнинская
79%
Ярославско-Фрязевское Монино
79%
Ярославское Пушкино
79%
Ярославское Софрино
79%
Ярославское Маленковская
71%
Ярославско-Фрязевское Болшево
71%
Ярославско-Фрязевское (ответвление) Ивантеевка
71%
Ярославско-Фрязевское Щелково
71%
Ярославско-Фрязевское Фрязево
71%
Ярославское Строитель
71%
Ярославское Челюскинская
71%
Ярославское Клязьма
71%
Ярославско-Фрязевское (ответвление) Ивантеевка-2
71%
Ярославско-Фрязевское (ответвление) Детская
64%
Ярославско-Фрязевское Валентиновка
64%
Ярославское Тарасовская
64%
Ярославское Мамонтовская
64%
Ярославское Заветы Ильича
64%
Ярославское (ответвление) Красноармейск
64%
Ярославское Сергиев Посад
64%
Соединительная линия Д2 (Курско-Рижский диаметр) | Соединительная линия Д4 (Киевско-Горьковский диаметр) Рижская
64%
Соединительная линия Д3 (Казанско-Ленинградский диаметр) Митьково
64%
Соединительная линия Д4 (Киевско-Горьковский диаметр) Марьина Роща
64%
Ярославско-Фрязевское Загорянская
57%
Ярославское Правда
57%
Ярославское Ашукинская
57%
Ярославское Радонеж
57%
Ярославское Абрамцево
57%
Ярославское Хотьково
57%
Соединительная линия Д2 (Курско-Рижский диаметр) | Соединительная линия Д4 (Киевско-Горьковский диаметр) Площадь Трех Вокзалов
57%
Соединительная линия Д4 (Киевско-Горьковский диаметр) Савеловская
57%
Соединительная линия Д4 (Киевско-Горьковский диаметр) Белорусская
57%
Соединительная линия Д4 (Киевско-Горьковский диаметр) Беговая
57%
Соединительная линия Д4 (Киевско-Горьковский диаметр) Москва-Сити
57%
Ярославское 43 км
57%
Ярославско-Фрязевское Бахчиванджи
50%
Ярославско-Фрязевское Циолковская
50%
Ярославское Семхоз
50%
Ярославское Струнино
50%
Соединительная линия Д4 (Киевско-Горьковский диаметр) Кутузовская
50%
БКМЖД Поварово-2
50%
БКМЖД Поварово-3
50%
Ярославское 76 км
50%
БКМЖД | Ярославское 81 км
50%
Ярославское 83 км
50%
БКМЖД (ответвление) 88 км
50%
Ярославско-Фрязевское Соколовская
43%
Ярославско-Фрязевское Воронок
43%
БКМЖД Кресты
43%
Ярославско-Фрязевское (ответвление) Фабрика 1 Мая
43%
БКМЖД 109 км
43%
БКМЖД 116 км
43%
БКМЖД 120 км
43%
БКМЖД Манихино-2
43%
БКМЖД 80 км
43%
Ярославское 90 км
43%
Ярославско-Фрязевское (ответвление) Зеленый Бор
36%
Ярославско-Фрязевское (ответвление) Фрязино-Товарное
36%
Ярославско-Фрязевское (ответвление) Фрязино-Пассажирское
36%
Ярославско-Фрязевское Чкаловская
36%
Ярославско-Фрязевское Осеевская
36%
Ярославско-Фрязевское Лесная
36%
Ярославское Зеленоградская
36%
Ярославское (ответвление) Путилово
36%
Ярославское Калистово
36%
БКМЖД Икша
36%
БКМЖД Поваровка
36%
БКМЖД Мачихино
36%
БКМЖД Чернецкое
36%
БКМЖД Усады-Окружные
36%
БКМЖД Воскресенск
36%
БКМЖД (ответвление) Дмитров
36%
БКМЖД Бекасово-1
36%
БКМЖД 122 км
36%
БКМЖД 128 км
36%
БКМЖД 138 км
36%
БКМЖД 155 км
36%
БКМЖД 158 км
36%
БКМЖД 159 км
36%
БКМЖД 165 км
36%
БКМЖД 168 км
36%
БКМЖД 173 км
36%
БКМЖД 174 км
36%
БКМЖД 177 км
36%
БКМЖД 183 км
36%
БКМЖД 190 км
36%
БКМЖД 192 км
36%
БКМЖД 199 км
36%
БКМЖД 211 км
36%
БКМЖД 214 км
36%
БКМЖД 40 км
36%
БКМЖД 47 км
36%
БКМЖД 62 км
36%
БКМЖД 68 км
36%
БКМЖД 71 км
36%
БКМЖД 74 км
36%
Ярославское (ответвление) Поселок Дальний
29%
Ярославское (ответвление) Рахманово
29%
Ярославское (ответвление) Федоровское
29%
Ярославское Бужаниново
29%
БКМЖД Поселок Киевский
29%
БКМЖД Столбовая
29%
БКМЖД Детково
29%
БКМЖД Михнево
29%
БКМЖД (ответвление) Жилево
29%
БКМЖД Яганово
29%
БКМЖД Егорьевск
29%
БКМЖД Ильинский Погост
29%
БКМЖД Орехово-Зуево
29%
БКМЖД Киржач
29%
БКМЖД Карабаново
29%
БКМЖД Наугольный
29%
БКМЖД Кубинка-1
29%
БКМЖД 178 км
29%
БКМЖД 185 км
29%
БКМЖД Кубинка-2
29%
БКМЖД 221 км
29%
Ярославско-Фрязевское Гагаринская
21%
Ярославско-Фрязевское Кашино
21%
Ярославско-Фрязевское Колонтаево
21%
Ярославское Арсаки
21%
Ярославское Балакирево
21%
БКМЖД Белый Раст
21%
БКМЖД Бухарово
21%
БКМЖД Депо
21%
БКМЖД Жилино
21%
БКМЖД Бекасово-Сортировочное
21%
БКМЖД Бекасово-Центральное
21%
БКМЖД Сандарово
21%
БКМЖД Малино
21%
БКМЖД Мякинино
21%
БКМЖД Шубатово
21%
БКМЖД Лесные Дары
21%
БКМЖД Шкинь
21%
БКМЖД Непецино
21%
БКМЖД Давыдово
21%
БКМЖД Дулево
21%
БКМЖД Бубяково
21%
БКМЖД Желтиково
21%
БКМЖД Костино
21%
БКМЖД Драчево
21%
БКМЖД Иванцево
21%
БКМЖД Яхрома
21%
БКМЖД 240 км
21%
БКМЖД 241 км
21%
БКМЖД 250 км
21%
БКМЖД 252 км
21%
БКМЖД 274 км
21%
БКМЖД 283 км
21%
БКМЖД 298 км
21%
БКМЖД 312 км
21%
БКМЖД 328 км
21%
БКМЖД 332 км
21%
БКМЖД 341 км
21%
БКМЖД Лукино
14%
БКМЖД Дюдьково
14%
БКМЖД Ястребки
14%
БКМЖД Акулово
14%
БКМЖД Пожитково
14%
БКМЖД Новогромово
14%
БКМЖД Вяткино
14%
БКМЖД Повадино
14%
БКМЖД (ответвление) Сотниково
14%
БКМЖД (ответвление) Колычево
14%
БКМЖД (ответвление) Шматово
14%
БКМЖД Лютик
14%
БКМЖД Осенка
14%
БКМЖД Хорлово
14%
БКМЖД Рудниковская
14%
БКМЖД Беззубово
14%
БКМЖД (ответвление) Берендино
14%
БКМЖД (ответвление) Лопатино
14%
БКМЖД Нерская
14%
БКМЖД Куровская
14%
БКМЖД Северный
14%
БКМЖД Поточино
14%
БКМЖД Ветчи
14%
БКМЖД Санино
14%
БКМЖД Илейкино
14%
БКМЖД Бельково
14%
БКМЖД 126 км
14%
БКМЖД 309 км
14%
БКМЖД Центральный Блокпост
7%
БКМЖД Депо Орехово
7%
БКМЖД Ратмирова
0%
No matching quizzes found
Score Distribution
Percent of People with Each Score
Percentile by Number Answered
Your Score History
You have not taken this quiz